000 00741cam a2200277 i 4500
001 768714001
003 CO-MdFUSB
005 20241204130220.0
007 ta
008 241204t1962 -us||||| |||| 00| 0 eng d
040 _cCO-MdFUSB
041 0 _aeng
082 0 4 _223
_a237.2
_bB673j
100 1 _aBoettner, Loraine (1901-)
_eautor
245 1 0 _aImmortality
_c/ Loraine Boettner
264 1 _aPhiladelphia, PA., USA :
_bPresbyterian and Reformed Publishing Company,
_c[1962]
264 4 _c©1962
300 _a161 páginas
336 _atexto
_btxt
_2rdacontent
337 _2rdamedia
_asin mediación
_bn
338 _2rdacarrier
_avolumen
_bnc
563 _aRustico
653 _aEscatología
942 _cBK
945 _aMiguel
999 _c35170
_d35170